000 00913nac a22002771i 4500
003 EG-ScBUE
005 20260311095319.0
008 260120s2004 maua f b 001 0 eng d
020 _a0632037679 (alk. paper)
020 _a9780632037674
040 _aEG-ScBUE
_beng
_erda
_cEG-ScBUE
_dEG-ScBUE
082 0 4 _a553.28
_bGLU
_222
100 1 _aGluyas, J. G.
_q(Jon G.),
_eauthor.
245 1 0 _aPetroleum geoscience /
_cJon Gluyas and Richard Swarbrick.
250 _aFirst edition.
264 1 _aMalden, MA :
_bBlackwell Publishing,
_c2004.
300 _axi, 359 pages :
_billustrations ;
_c25 cm
336 _2rdacontent
_atext
_btxt
337 _aunmediated
_2rdamedia
_bn
338 _avolume
_bnc
_2rdacarrier
504 _aIncludes bibliographical references and index.
650 7 _aPetroleum
_xGeology.
_2BUEsh
655 _vReading book
700 1 _aSwarbrick, Richard Edward,
_eauthor.
942 _cBB
_2ddc
999 _c2090
_d2090